[Event "Sant Miquel Olerdola op 14th"]
[Site "Sant Miquel Olerdola"]
[Date "2023.05.19"]
[Round "6"]
[White "Vall Graells, Jordi"]
[Black "Torrents Busquet, Marti"]
[Result "0-1"]
[WhiteElo "1637"]
[BlackElo "1934"]
[PlyCount "88"]
[EventDate "2023.04.14"]
[EventType "swiss"]
[EventRounds "8"]
[EventCountry "ESP"]
[SourceTitle "EXT 2024"]
[Source "ChessBase"]
[SourceDate "2023.10.10"]
[SourceVersion "1"]
[SourceVersionDate "2023.10.10"]
[SourceQuality "1"]

1. e4 c5 2. Nf3 a6 3. c4 Nc6 4. d4 cxd4 5. Nxd4 e6 6. Nc3 Nge7 7. Be3 Nxd4 8. Qxd4 Nc6 9. Qd2 Be7 10. Be2 0-0 11. 0-0 Rb8 12. Rfd1 Bf6 13. Bf4 Be5 14. Bxe5 Nxe5 15. Qd6 Nc6 16. b4 Qe7 17. Qxe7 Nxe7 18. Rd6 f5 19. f3 fxe4 20. fxe4 Ng6 21. c5 Nf4 22. Bf3 Nh3+ 23. Kf1 Ng5 24. Ke2 Nf7 25. Rad1 Nxd6 26. Rxd6 Kf7 27. Na4 b5 28. Nb6 Ke7 29. Ke3 Rd8 30. h3 Bb7 31. Kd4 Bc6 32. e5 Rb7 33. Bxc6 dxc6 34. Ke4 Rf8 35. Rxc6 Rf2 36. Rd6 Re2+ 37. Kf4 Rf2+ 38. Ke4 Re2+ 39. Kf4 g5+ 40. Kxg5 Rxe5+ 41. Kh6 Ke8 42. c6 Rc7 43. Na8 Ke7 44. Rxe6+ Rxe6+ 0-1

[Event "Sant Miquel Olerdola op 14th"]
[Site "Sant Miquel Olerdola"]
[Date "2023.04.14"]
[Round "1"]
[White "Avila Jimenez, Xavier"]
[Black "Vall Graells, Jordi"]
[Result "1-0"]
[WhiteElo "2151"]
[BlackElo "1637"]
[PlyCount "137"]
[EventDate "2023.04.14"]
[EventType "swiss"]
[EventRounds "8"]
[EventCountry "ESP"]
[SourceTitle "EXT 2024"]
[Source "ChessBase"]
[SourceDate "2023.10.10"]
[SourceVersion "1"]
[SourceVersionDate "2023.10.10"]
[SourceQuality "1"]

1. d4 d5 2. c4 c6 3. Nf3 Nf6 4. Nc3 dxc4 5. e4 b5 6. e5 Nd5 7. a4 Nxc3 8. bxc3 Bf5 9. Ba3 e6 10. Bxf8 Kxf8 11. Be2 h6 12. Nd2 Nd7 13. axb5 cxb5 14. Bf3 Bd3 15. Bxa8 Qxa8 16. Qf3 Ke7 17. Qxa8 Rxa8 18. Ra5 a6 19. Nf3 Nb6 20. Kd2 Be4 21. Ne1 Kd7 22. f3 Bb7 23. Nc2 Nd5 24. Rha1 Kc7 25. Na3 Nb6 26. f4 h5 27. g3 g6 28. Nc2 Nd5 29. Na3 Nb6 30. h3 Kc6 31. Rb1 Rb8 32. Nc2 Nd5 33. Ra2 Kc7 34. Rf1 Rh8 35. Rf2 Kd7 36. Ne1 Nc7 37. Nc2 Nd5 38. Ra1 Kc7 39. Ne1 Ne7 40. Nc2 Nd5 41. Rb1 Kd7 42. Rg1 Ke7 43. Rh2 Kd7 44. Rf1 Ne7 45. Ne3 Nf5 46. Rg1 h4 47. Nxf5 exf5 48. g4 Be4 49. Ra1 Ra8 50. gxf5 Bxf5 51. Ke3 Kc6 52. Rha2 Kb6 53. d5 a5 54. Kd4 a4 55. Re1 Re8 56. Re3 Bb1 57. Ra1 Bc2 58. e6 fxe6 59. dxe6 Kc6 60. Ke5 Bf5 61. Kf6 Kd6 62. Rd1+ Bd3 63. Kf7 Re7+ 64. Kf6 Re8 65. e7 a3 66. Ra1 Bf5 67. Rxa3 Kd7 68. Kf7 Bd3 69. Ra7+ 1-0